000 00470cam a2200193ua 4500
001 2958
008 131128n II |||gr||||Z||||||eng
040 _aMAIN
041 _aEnglish
082 _a547 MUK
100 _aMUKHERJI, S.M.
245 _aORGANIC CHEMISTRY (VOL-II)
260 _a[s.l]:
_bNEW AGE INTERNATIONAL LTD,
_c2006.
300 _a958:
_c22CM.
653 _aChemistry & allied sciences
700 _aSINGH, S.P.
700 _aKAPOOR, R.P.
942 _cBK
999 _c2946
_d2946